| 000 | 00399nam a2200145Ia 4500 | ||
|---|---|---|---|
| 008 | 210210b2005 xxu||||| |||| 00| 0 eng d | ||
| 020 | _a81 261 2456 3 | ||
| 082 | _a659 KUNI | ||
| 100 | _aKUNDAR (Shipra). | ||
| 245 | _aIntroduction to advertising and public relations. | ||
| 260 |
_aNew Delhi. _bAnmol Publications Pvt. Ltd. _c2005 |
||
| 300 | _a428 | ||
| 690 | _aAdvertising | ||
| 906 | _aSG04894 | ||
| 999 |
_c115886 _d115886 |
||